Good News Bible with Deuterocanonicals/ Apocrypha: (Record no. 6910)

MARC details
000 -LEADER
fixed length control field 00576nam a22001937a 4500
003 - CONTROL NUMBER IDENTIFIER
control field GBCCL
005 - DATE AND TIME OF LATEST TRANSACTION
control field 20251128140400.0
008 - FIXED-LENGTH DATA ELEMENTS--GENERAL INFORMATION
fixed length control field 180703b ||||| |||| 00| 0 eng d
020 ## - INTERNATIONAL STANDARD BOOK NUMBER
International Standard Book Number 1585161810
020 ## - INTERNATIONAL STANDARD BOOK NUMBER
International Standard Book Number 1585165085
040 ## - CATALOGING SOURCE
Transcribing agency GBC
082 ## - DEWEY DECIMAL CLASSIFICATION NUMBER
Classification number 220.52082
Item number BIB
245 ## - TITLE STATEMENT
Title Good News Bible with Deuterocanonicals/ Apocrypha:
Remainder of title Jubilee Edition
250 ## - EDITION STATEMENT
Edition statement Today's English Version
260 ## - PUBLICATION, DISTRIBUTION, ETC.
Place of publication, distribution, etc. New York :
Name of publisher, distributor, etc. American Bible society,
Date of publication, distribution, etc. 2000, 1993
300 ## - PHYSICAL DESCRIPTION
Extent xxvii + 353 + 1366 + 80p.
Other physical details Ref., ill., maps.
Dimensions 21cm
650 ## - SUBJECT ADDED ENTRY--TOPICAL TERM
Topical term or geographic name entry element Bible
Form subdivision English
9 (RLIN) 12281
942 ## - ADDED ENTRY ELEMENTS (KOHA)
Source of classification or shelving scheme Dewey Decimal Classification
Koha item type Reference Books
Holdings
Withdrawn status Lost status Source of classification or shelving scheme Damaged status Not for loan Home library Current Library Shelving location Date acquired Total checkouts Full call number Barcode Date last seen Copy number Price effective from Koha item type
    Dewey Decimal Classification     GRACE BIBLE COLLEGE GRACE BIBLE COLLEGE Bible 2018-07-03   220.52082 BIB 010447 2025-05-01 c.1 2018-07-03 Reference Books
    Dewey Decimal Classification     GRACE BIBLE COLLEGE GRACE BIBLE COLLEGE Bible 2018-07-03   220.52082 BIB 010448 2025-05-01 c.2 2018-07-03 Reference Books
© Grace Bible College Library 2025